[Event "Orel"]
[Site "Orel"]
[Date "2009.06.28"]
[Round "3"]
[White "Platonov, Evgeny"]
[Black "Olenin, Nikolay"]
[Result "1-0"]
[WhiteElo "2337"]
[BlackElo "2325"]
[PlyCount "91"]
[EventDate "2009.06.26"]
[EventType "tourn"]
[EventRounds "9"]
[EventCountry "RUS"]
[EventCategory "1"]
[SourceTitle "CBM 131 Extra"]
[Source "ChessBase"]
[SourceDate "2009.09.03"]
[SourceVersion "2"]
[SourceVersionDate "2009.09.16"]
[SourceQuality "1"]

1. d4 Nf6 2. c4 e6 3. Nc3 Bb4 4. e3 0-0 5. Nge2 d5 6. a3 Be7 7. Nf4 c6 8. Bd3 Nbd7 9. cxd5 cxd5 10. 0-0 Nb6 11. b3 Bd7 12. a4 Bb4 13. Bb2 Qe7 14. Qe2 Rfc8 15. Na2 Ba5 16. Rfc1 Qf8 17. Bc2 Be8 18. Nd3 Nbd7 19. b4 Bd8 20. Nc5 b6 21. Na6 Ne4 22. Bd3 Nd6 23. b5 Nb7 24. Rc2 Nf6 25. Rac1 Rxc2 26. Rxc2 Be7 27. e4 g6 28. Rc7 Na5 29. e5 Nh5 30. Qc2 f6 31. Rc8 Rxc8 32. Qxc8 Ng7 33. exf6 Qxf6 34. N2b4 Qf4 35. Qc3 Bd6 36. g3 Qf3 37. Nc6 Qd1+ 38. Kg2 Qxa4 39. Nxa7 Nc4 40. Bxc4 Qxc4 41. Qxc4 dxc4 42. Nc6 Nf5 43. Kf3 Ne7 44. Nxe7+ Bxe7 45. Nc7 Bd6 46. Nxe8 1-0

[Event "Dnipropetrovsk Sinitsin Memorial"]
[Site "Dnipropetrovsk"]
[Date "2006.04.??"]
[Round "7"]
[White "Maximov, Dmitry"]
[Black "Platonov, Evgeny"]
[Result "1/2-1/2"]
[WhiteElo "2391"]
[BlackElo "2350"]
[PlyCount "127"]
[EventDate "2006.04.??"]
[EventType "tourn"]
[EventRounds "11"]
[EventCountry "UKR"]
[SourceTitle "EXT 2007"]
[Source "ChessBase"]
[SourceDate "2006.11.23"]
[SourceVersion "1"]
[SourceVersionDate "2006.11.23"]
[SourceQuality "1"]

1. e4 e5 2. Nf3 Nc6 3. Bb5 Bc5 4. 0-0 Nd4 5. Nxd4 Bxd4 6. c3 Bb6 7. d4 c6 8. Be2 d6 9. Nd2 Nf6 10. dxe5 dxe5 11. Qc2 Be6 12. Nf3 Nd7 13. Ng5 Qe7 14. Nxe6 Qxe6 15. a4 a5 16. h3 Nf6 17. b3 Qe7 18. b4 axb4 19. cxb4 Bd4 20. Rb1 0-0 21. a5 Rfd8 22. Bd2 Ne8 23. b5 cxb5 24. Rxb5 Ra7 25. Bb4 Qf6 26. Rd5 h6 27. Bc4 Nd6 28. Bb3 Ra6 29. Qe2 Rc8 30. Rd1 Qg6 31. Bc2 Rac6 32. Bd3 Nc4 33. Re1 Qf6 34. Rf1 Qg6 35. Kh2 Ba7 36. g3 Qf6 37. Kg2 Bb8 38. Rd1 Bd6 39. Be1 Be7 40. Rb1 Nd6 41. Bd2 Rc5 42. Rxc5 Rxc5 43. Bb4 Rc7 44. Ba3 Nc8 45. Bb2 Qe6 46. Ba1 Na7 47. Rb6 Nc6 48. Bc4 Qc8 49. Bd5 Bc5 50. Rb1 Bd4 51. Bxd4 Nxd4 52. Qh5 Re7 53. Rb4 Qa8 54. Rc4 Nc6 55. Bxc6 bxc6 56. Rc5 f6 57. Qe2 Ra7 58. Qc4+ Kh7 59. Rxc6 Rxa5 60. Rc8 Qb7 61. h4 h5 62. Rc7 Qb1 63. Qe2 Kg6 64. Qc2 1/2-1/2

[Event "Dnipropetrovsk Sinitsin Memorial"]
[Site "Dnipropetrovsk"]
[Date "2006.04.??"]
[Round "4"]
[White "Platonov, Evgeny"]
[Black "Orlyanskaya, Darya"]
[Result "1-0"]
[WhiteElo "2350"]
[BlackElo "2105"]
[PlyCount "135"]
[EventDate "2006.04.??"]
[EventType "tourn"]
[EventRounds "11"]
[EventCountry "UKR"]
[SourceTitle "EXT 2007"]
[Source "ChessBase"]
[SourceDate "2006.11.23"]
[SourceVersion "1"]
[SourceVersionDate "2006.11.23"]
[SourceQuality "1"]

1. d4 Nf6 2. c4 c5 3. d5 b5 4. cxb5 a6 5. bxa6 Bxa6 6. Nc3 d6 7. Nf3 g6 8. g3 Bg7 9. Bg2 0-0 10. 0-0 Nbd7 11. Rb1 Qa5 12. Bd2 Rfb8 13. b3 Qc7 14. Ne1 Ra7 15. Nc2 Rab7 16. h3 Ne8 17. Re1 Qc8 18. Ne4 Nef6 19. Nxf6+ Bxf6 20. Kh2 c4 21. b4 c3 22. Be3 Bc4 23. a3 Ba2 24. Ra1 Bb3 25. Qb1 Ba4 26. Ra2 Qc4 27. Bc1 Nc5 28. Ne3 Qa6 29. Rc2 Bxc2 30. Qxc2 Na4 31. Qb3 Rc7 32. Nc2 Nb2 33. Bf1 Qa4 34. Qxa4 Nxa4 35. e4 Bg7 36. Kg2 Nb2 37. Kf3 Kf8 38. Be3 Be5 39. Kg2 Bg7 40. Ra1 Na4 41. Bd3 e6 42. dxe6 fxe6 43. Be2 Ke7 44. Rd1 Nb2 45. Ra1 Nc4 46. Bf4 h6 47. h4 e5 48. Bc1 Nd2 49. Ne3 Nxe4 50. Nd5+ Kd8 51. Nxc7 Kxc7 52. Bd3 Nf6 53. Bxg6 d5 54. f3 d4 55. Bd3 Nd5 56. Kf2 Kd6 57. Ra2 Ra8 58. Re2 Rf8 59. Kg2 Kc6 60. Re4 Bf6 61. Bxh6 Ra8 62. Bc1 Ne3+ 63. Rxe3 dxe3 64. Be4+ Kb5 65. Bxa8 Ka4 66. Be4 Kb3 67. Kf1 Bd8 68. Ke2 1-0

[Event "RUS-chT2 12th"]
[Site "Smolensk"]
[Date "2005.02.07"]
[Round "6"]
[White "Platonov, Evgeny"]
[Black "Bazarov, Konstantin"]
[Result "1-0"]
[WhiteElo "2365"]
[BlackElo "2191"]
[PlyCount "84"]
[EventDate "2005.02.03"]
[EventType "team"]
[EventRounds "11"]
[EventCountry "RUS"]
[SourceTitle "CBM 104 Extra"]
[Source "ChessBase"]
[SourceDate "2005.03.01"]
[SourceVersion "1"]
[SourceVersionDate "2005.03.01"]
[SourceQuality "1"]

1. d4 d5 2. c4 c6 3. Nf3 Nf6 4. Nc3 dxc4 5. a4 e6 6. e3 c5 7. Bxc4 Nc6 8. 0-0 cxd4 9. exd4 Be7 10. Be3 0-0 11. Qe2 Nb4 12. Ne5 Bd7 13. f4 Bc6 14. f5 exf5 15. Rxf5 Nbd5 16. Bf2 g6 17. Nxc6 bxc6 18. Rf3 Qd7 19. Rf1 Rae8 20. Qd3 Nb6 21. Bb3 Nfd5 22. Ne4 Nb4 23. Qd2 N6d5 24. Qh6 f5 25. Rh3 Bd8 26. Nc5 Qg7 27. Qd2 Kh8 28. Nd3 Nxd3 29. Rxd3 f4 30. Rc1 Qd7 31. Bd1 Qf5 32. Rb3 Re6 33. Bf3 h5 34. Rb7 a5 35. Rb8 Rfe8 36. Ra8 Kg7 37. Ra7+ Kh6 38. h3 Nb4 39. Rc5 Qf6 40. Rb7 Nd5 41. Bxd5 cxd5 42. Rxd5 Re2 1-0

[Event "RUS-chT2 12th"]
[Site "Smolensk"]
[Date "2005.02.04"]
[Round "2"]
[White "Chadaev, Nikolay"]
[Black "Platonov, Evgeny"]
[Result "1/2-1/2"]
[WhiteElo "2437"]
[BlackElo "2365"]
[PlyCount "54"]
[EventDate "2005.02.03"]
[EventType "team"]
[EventRounds "11"]
[EventCountry "RUS"]
[SourceTitle "CBM 104 Extra"]
[Source "ChessBase"]
[SourceDate "2005.03.01"]
[SourceVersion "1"]
[SourceVersionDate "2005.03.01"]
[SourceQuality "1"]

1. e4 e5 2. Nf3 Nf6 3. Nc3 Nc6 4. d4 exd4 5. Nd5 Nb4 6. Nxf6+ Qxf6 7. Bc4 d5 8. exd5 Bg4 9. Bb5+ c6 10. dxc6 bxc6 11. Be2 Bc5 12. 0-0 0-0 13. a3 Nd5 14. Nd2 Bxe2 15. Qxe2 Rfe8 16. Qc4 Bd6 17. Nf3 Re4 18. Bg5 Qg6 19. Bd2 Nb6 20. Qd3 c5 21. b3 h6 22. Rad1 c4 23. bxc4 Na4 24. Rfe1 Nc5 25. Qf1 Rxe1 26. Qxe1 Qxc2 27. Nxd4 Qxc4 1/2-1/2

[Event "RUS-chT2 12th"]
[Site "Smolensk"]
[Date "2005.02.04"]
[Round "3"]
[White "Platonov, Evgeny"]
[Black "Arzumanian, Georgy"]
[Result "0-1"]
[WhiteElo "2365"]
[BlackElo "2437"]
[PlyCount "70"]
[EventDate "2005.02.03"]
[EventType "team"]
[EventRounds "11"]
[EventCountry "RUS"]
[SourceTitle "CBM 104 Extra"]
[Source "ChessBase"]
[SourceDate "2005.03.01"]
[SourceVersion "1"]
[SourceVersionDate "2005.03.01"]
[SourceQuality "1"]

1. d4 d5 2. c4 e6 3. Nc3 c6 4. Nf3 dxc4 5. a4 Bb4 6. e3 b5 7. Bd2 a5 8. axb5 Bxc3 9. Bxc3 cxb5 10. b3 Bb7 11. bxc4 b4 12. Bb2 Nf6 13. c5 0-0 14. Bb5 Bc6 15. Ba4 Qc7 16. 0-0 Nbd7 17. Nd2 Rfd8 18. Nb3 Bd5 19. Qe2 e5 20. Rfc1 exd4 21. Nxd4 Ne5 22. f3 Bb7 23. Bb5 Bc8 24. e4 Nh5 25. Qe3 h6 26. Nf5 Rb8 27. Be2 Bxf5 28. exf5 Re8 29. Qb3 Nf4 30. Bf1 Rbd8 31. Rc2 Ned3 32. Qc4 Ne1 33. Re2 Nxe2+ 34. Bxe2 Rd2 35. Bxg7 Rexe2 0-1

[Event "RUS-chT 10th Group2"]
[Site "Togliatti"]
[Date "2003.05.22"]
[Round "7"]
[White "Platonov, Evgeny"]
[Black "Geller, Jakov"]
[Result "0-1"]
[WhiteElo "2392"]
[BlackElo "2441"]
[PlyCount "62"]
[EventDate "2003.05.16"]
[EventType "team-tourn"]
[EventRounds "6"]
[EventCountry "RUS"]
[SourceTitle "EXT 2020"]
[Source "ChessBase"]
[SourceDate "2019.10.17"]
[SourceVersion "1"]
[SourceVersionDate "2019.10.17"]
[SourceQuality "1"]
[WhiteTeam "Orel OShK"]
[BlackTeam "Togliatti Lada"]
[WhiteTeamCountry "RUS"]
[BlackTeamCountry "RUS"]

1. d4 d5 2. c4 e6 3. Nc3 c6 4. Nf3 dxc4 5. a4 Bb4 6. e3 b5 7. Bd2 a5 8. axb5 Bxc3 9. Bxc3 cxb5 10. b3 Bb7 11. d5 Nf6 12. bxc4 b4 13. Bxf6 Qxf6 14. Qa4+ Nd7 15. Nd4 e5 16. Nb3 Ke7 17. Be2 Rhc8 18. 0-0 Nc5 19. Nxc5 Rxc5 20. Rad1 Kf8 21. f4 e4 22. Rd4 Re8 23. Ra1 Bc8 24. d6 Rd8 25. Rad1 Bd7 26. Qb3 Rb8 27. Rxe4 a4 28. Qa2 b3 29. Qa3 b2 30. Rb1 Qf5 31. Bd3 Rb3 0-1

[Event "Orel"]
[Site "Orel"]
[Date "1999.??.??"]
[Round "?"]
[White "Platonov, Evgeny"]
[Black "Moiseenko, Alexander"]
[Result "0-1"]
[WhiteElo "2296"]
[BlackElo "2419"]
[PlyCount "120"]
[EventDate "1999.??.??"]
[EventType "tourn"]
[EventRounds "11"]
[EventCountry "RUS"]
[SourceTitle "EXT 2001"]
[Source "ChessBase"]
[SourceDate "2000.11.22"]
[SourceVersion "1"]
[SourceVersionDate "2000.11.22"]
[SourceQuality "1"]

1. d4 e6 2. c4 f5 3. Nf3 Nf6 4. Nc3 Bb4 5. Qb3 a5 6. Bd2 0-0 7. g3 b6 8. Bg2 Bb7 9. 0-0 Na6 10. Rfd1 Qe8 11. Qc2 Qh5 12. a3 Bxc3 13. Bxc3 Be4 14. Qd2 a4 15. Ne1 Bxg2 16. Nxg2 Ne4 17. Qc2 Nb8 18. Be1 d6 19. f3 Ng5 20. h4 Nf7 21. Nf4 Qh6 22. d5 Nd8 23. Bd2 Qf6 24. dxe6 Nxe6 25. Nd5 Qf7 26. Be3 Nd7 27. Kf2 Ndc5 28. Rh1 c6 29. Nf4 Nxf4 30. Bxf4 Rad8 31. Rad1 Qe6 32. Rd2 Rd7 33. Rhd1 d5 34. Rd4 h6 35. cxd5 cxd5 36. Rb4 Re8 37. Qd2 d4 38. Rxd4 Rxd4 39. Qxd4 Qxe2+ 40. Kg1 Qxf3 41. Qd5+ Qxd5 42. Rxd5 Re2 43. Be5 Kf7 44. Kf1 Rc2 45. Rd6 b5 46. Rb6 Nd3 47. Rxb5 g5 48. hxg5 hxg5 49. Bd4 Kg6 50. Bc3 Rf2+ 51. Kg1 Kh5 52. Rd5 Rf3 53. Kg2 Kg4 54. Rd4+ f4 55. gxf4 Nxf4+ 56. Kg1 Rg3+ 57. Kf1 Kf3 58. Rd2 Rh3 59. Rf2+ Ke4 60. Kg1 Rxc3 0-1

[Event "RUS-ch sf"]
[Site "Krasnodar"]
[Date "1999.??.??"]
[Round "1"]
[White "Platonov, Evgeny"]
[Black "Sapunov, Evgeny"]
[Result "1-0"]
[WhiteElo "2296"]
[BlackElo "2480"]
[PlyCount "55"]
[EventDate "1999.??.??"]
[EventType "swiss"]
[EventRounds "9"]
[EventCountry "RUS"]
[SourceTitle "EXT 2002"]
[Source "ChessBase"]
[SourceDate "2001.11.25"]
[SourceVersion "1"]
[SourceVersionDate "2001.11.25"]
[SourceQuality "1"]

1. d4 Nf6 2. c4 g6 3. Nc3 Bg7 4. e4 d6 5. f4 c5 6. d5 0-0 7. Nf3 e6 8. dxe6 Bxe6 9. Bd3 Nc6 10. f5 Bd7 11. 0-0 Nd4 12. Bg5 Bc6 13. Nxd4 cxd4 14. Nd5 Bxd5 15. exd5 Qb6 16. Qd2 Rae8 17. Qf4 Nd7 18. f6 Bh8 19. Rad1 Re5 20. h4 Qxb2 21. h5 Rxg5 22. Qxg5 Ne5 23. hxg6 hxg6 24. c5 Qxa2 25. Be4 Qa3 26. Rd3 Nxd3 27. Bxg6 Bxf6 28. Bxf7+ 1-0

[Event "Orel"]
[Site "Orel"]
[Date "1999.??.??"]
[Round "?"]
[White "Platonov, Evgeny"]
[Black "Savon, Vladimir A"]
[Result "0-1"]
[WhiteElo "2296"]
[BlackElo "2427"]
[PlyCount "54"]
[EventDate "1999.??.??"]
[EventType "tourn"]
[EventRounds "11"]
[EventCountry "RUS"]
[SourceTitle "EXT 2001"]
[Source "ChessBase"]
[SourceDate "2000.11.22"]
[SourceVersion "1"]
[SourceVersionDate "2000.11.22"]
[SourceQuality "1"]

1. d4 Nf6 2. c4 d6 3. Nc3 e5 4. dxe5 dxe5 5. Qxd8+ Kxd8 6. Bg5 Be6 7. 0-0-0+ Nbd7 8. e3 c6 9. Nf3 Kc7 10. Bh4 Bb4 11. Bxf6 Nxf6 12. Nxe5 Bxc3 13. bxc3 Ne4 14. Rd4 Nxf2 15. Rg1 f6 16. Rf4 fxe5 17. Rxf2 Kd6 18. Bd3 Raf8 19. Rgf1 Rxf2 20. Rxf2 Kc5 21. Kc2 h6 22. Rf3 Rd8 23. Rg3 Rd7 24. Rf3 Bxc4 25. Bxc4 Kxc4 26. e4 b5 27. a3 a5 0-1

[Event "Orel"]
[Site "Orel"]
[Date "1999.??.??"]
[Round "?"]
[White "Platonov, Evgeny"]
[Black "Zaitsev, Igor A"]
[Result "1/2-1/2"]
[WhiteElo "2296"]
[BlackElo "2447"]
[PlyCount "83"]
[EventDate "1999.??.??"]
[EventType "tourn"]
[EventRounds "11"]
[EventCountry "RUS"]
[SourceTitle "EXT 2001"]
[Source "ChessBase"]
[SourceDate "2000.11.22"]
[SourceVersion "1"]
[SourceVersionDate "2000.11.22"]
[SourceQuality "1"]

1. d4 Nf6 2. c4 d6 3. Nc3 Nc6 4. g3 g6 5. Bg2 Bg7 6. Nf3 0-0 7. 0-0 Bd7 8. d5 Na5 9. Nd2 Ng4 10. Qc2 Ne5 11. b3 c6 12. Bb2 Rc8 13. Rac1 cxd5 14. Nxd5 b5 15. f4 e6 16. fxe5 exd5 17. Bxd5 dxe5 18. Qe4 Bc6 19. Ba3 Qb6+ 20. Kg2 b4 21. Bb2 Rcd8 22. Nf3 Bxd5 23. cxd5 f5 24. Qc2 e4 25. Ng5 Bxb2 26. Qxb2 Rxd5 27. Nxe4 Qe6 28. Ng5 Qe7 29. Nf3 Re8 30. Rf2 Qd6 31. Qc2 Nb7 32. Qc4 Kg7 33. Qf4 Qxf4 34. gxf4 Re7 35. Ne5 Nd6 36. e3 Nf7 37. Nxf7 Kxf7 38. Kf3 a5 39. Rc6 Rd3 40. Re2 Rd5 41. Rec2 Rd3 42. Re2 1/2-1/2

[Event "RUS-ch sf"]
[Site "Krasnodar"]
[Date "1999.??.??"]
[Round "3"]
[White "Rodin, Dmitrij"]
[Black "Platonov, Evgeny"]
[Result "1-0"]
[WhiteElo "2260"]
[BlackElo "2296"]
[PlyCount "102"]
[EventDate "1999.??.??"]
[EventType "swiss"]
[EventRounds "9"]
[EventCountry "RUS"]
[SourceTitle "EXT 2002"]
[Source "ChessBase"]
[SourceDate "2001.11.25"]
[SourceVersion "1"]
[SourceVersionDate "2001.11.25"]
[SourceQuality "1"]

1. e4 c5 2. Nf3 e6 3. d4 cxd4 4. Nxd4 a6 5. Bd3 Nf6 6. 0-0 Qc7 7. Qe2 d6 8. f4 Be7 9. Kh1 Nbd7 10. c4 0-0 11. b3 Nc5 12. Bc2 Rd8 13. Bb2 Rb8 14. e5 Ne8 15. b4 Nd7 16. f5 Nxe5 17. fxe6 fxe6 18. c5 Nf6 19. Bb3 Nd5 20. Nc3 Nxc3 21. Bxc3 Bf6 22. Nf5 b6 23. Nxd6 bxc5 24. bxc5 Qxc5 25. Ne4 Qb5 26. Qh5 Rf8 27. Nxf6+ gxf6 28. Rab1 Qc5 29. Bc2 f5 30. Rxb8 Qxc3 31. Bb3 Kg7 32. Qg5+ Ng6 33. Rc1 Qe5 34. Qg3 Qxg3 35. hxg3 Ne7 36. Rc7 Kf6 37. Kg1 Rg8 38. Kf2 Rd8 39. Ke1 Rg8 40. Kf2 Rd8 41. Ke2 Rg8 42. Rc3 Bd7 43. Rxg8 Nxg8 44. Rc7 Bb5+ 45. Bc4 Ne7 46. Bxb5 axb5 47. Rb7 Nd5 48. a3 h5 49. Kd2 f4 50. gxf4 h4 51. Rxb5 Nxf4 1-0